Statistics for US President Every Four Years

Click here to take the quiz!

General Stats

  • This quiz has been taken 97 times
    (50 since last reset)
  • The average score is 45 of 58

Answer Stats

Years President % Correct
1789-1793George Washington
100%
1797-1801John Adams
86%
1801-1805Thomas Jefferson
86%
1805-1809Thomas Jefferson
86%
1809-1813James Madison
86%
1813-1817James Madison
86%
1817-1821James Monroe
86%
1793-1797George Washington
86%
1993-1997Bill Clinton
83%
1985-1989Ronald Reagan
83%
1989-1993George H.W. Bush
83%
2013-2017Barack Obama
83%
1997-2001Bill Clinton
83%
2001-2005George W. Bush
83%
2005-2009George W. Bush
83%
2009-2013Barack Obama
83%
1945-1949Harry Truman
83%
2017-Donald Trump
83%
1861-1865Abraham Lincoln
83%
1821-1825James Monroe
83%
1829-1833Andrew Jackson
80%
1833-1837Andrew Jackson
80%
1981-1985Ronald Reagan
80%
1973-1977Richard Nixon
Gerald R. Ford
80%
1961-1965John F. Kennedy
Lyndon B. Johnson
80%
1953-1957Dwight D. Eisenhower
80%
1949-1953Harry Truman
80%
1937-1941Franklin D. Roosevelt
80%
1929-1933Herbert Hoover
77%
1825-1829John Quincy Adams
77%
1841-1845William Henry Harrison
John Tyler
77%
1977-1981Jimmy Carter
77%
1969-1973Richard Nixon
77%
1957-1961Dwight D. Eisenhower
77%
1941-1945Franklin D. Roosevelt
77%
1905-1909Theodore Roosevelt
77%
1901-1905Theodore Roosevelt
77%
1965-1969Lyndon B. Johnson
74%
1837-1841Martin Van Buren
74%
1849-1853Zachary Taylor
Millard Fillmore
74%
1925-1929Calvin Coolidge
Warren Harding
74%
1865-1869Andrew Johnson
74%
1921-1925Warren Harding
Calvin Coolidge
74%
1909-1913William Taft
71%
1869-1873Ulysses S. Grant
71%
1885-1889Grover Cleveland
71%
1913-1917Woodrow Wilson
71%
1893-1897Grover Cleveland
71%
1933-1937Franklin D. Roosevelt
71%
1917-1921Woodrow Wilson
71%
1857-1861James Buchanan
71%
1897-1901William McKinley
71%
1845-1849James K. Polk
69%
1881-1885James Garfield
Chester A. Arthur
69%
1877-1881Rutherford B. Hayes
James Garfield
69%
1873-1877Ulysses S. Grant
69%
1853-1857Franklin Pierce
66%
1889-1893Benjamin Harrison
63%

Score Distribution

Percentile by Number Answered

Percent of People with Each Score

Your Score History

You have not taken this quiz since the last reset